The marwaris : (Record no. 124841)
[ view plain ]
| 000 -LEADER | |
|---|---|
| fixed length control field | 00728nam a22002297a 4500 |
| 005 - DATE AND TIME OF LATEST TRANSACTION | |
| control field | 20170124105945.0 |
| 010 ## - LIBRARY OF CONGRESS CONTROL NUMBER | |
| LC control number | 869912 |
| 020 ## - INTERNATIONAL STANDARD BOOK NUMBER | |
| Terms of availability | 00.00 |
| International Standard Book Number | 0706905288 |
| 035 ## - SYSTEM CONTROL NUMBER | |
| System control number | 869912 |
| 037 ## - SOURCE OF ACQUISITION | |
| Source of stock number/acquisition | Cen Lib/Ret |
| 040 ## - CATALOGING SOURCE | |
| Original cataloging agency | DPL |
| Language of cataloging | EN |
| 082 ## - DEWEY DECIMAL CLASSIFICATION NUMBER | |
| Classification number | 301.44 |
| Item number | TIM |
| 100 ## - MAIN ENTRY--PERSONAL NAME | |
| Personal name | Timberg, Thomas A. |
| 9 (RLIN) | 12120 |
| 245 ## - TITLE STATEMENT | |
| Title | The marwaris : |
| Statement of responsibility, etc | by Thomas A. Timberg |
| Remainder of title | from trades to industrialists / |
| 260 ## - PUBLICATION, DISTRIBUTION, ETC. (IMPRINT) | |
| Place of publication, distribution, etc | New Delhi |
| Name of publisher, distributor, etc | Vikas Publishing House |
| Date of publication, distribution, etc | 1978 |
| 270 ## - ADDRESS | |
| City | New Delhi |
| Address | 5, Ansari Road, Darya Ganj |
| Postal code | 110002 |
| 300 ## - PHYSICAL DESCRIPTION | |
| Extent | vi, 268p. |
| Dimensions | 22cm(Hb) |
| 500 ## - GENERAL NOTE | |
| General note | Includes bibliographical references and index |
| 650 ## - SUBJECT ADDED ENTRY--TOPICAL TERM | |
| Topical term or geographic name as entry element | Marwaris |
| 9 (RLIN) | 86326 |
| 650 ## - SUBJECT ADDED ENTRY--TOPICAL TERM | |
| Topical term or geographic name as entry element | Mewaris entrepreneurship |
| 9 (RLIN) | 12122 |
| 942 ## - ADDED ENTRY ELEMENTS (KOHA) | |
| Source of classification or shelving scheme | Dewey Decimal Classification |
| Koha item type | English Books |
| Classification part | 301.44 |
| Call number suffix | TIM |
| Withdrawn status | Lost status | Damaged status | Not for loan | Home library | Current library | Date acquired | Source of acquisition | Cost, normal purchase price | Total Checkouts | Full call number | Barcode | Date last seen | Copy number | Cost, replacement price | Price effective from | Koha item type | Public note |
|---|---|---|---|---|---|---|---|---|---|---|---|---|---|---|---|---|---|
| Written off | Central Library | Central Library | 18/06/2015 | Cen Lib/Ret | 0.00 | 301.44 TIM | 869912 | 18/06/2015 | 1 | 0.00 | 18/06/2015 | English Books | W/d List No. 6844/11; dtd 7/7/20 |
